| 000 | 01001nas a2200301 4500 | ||
|---|---|---|---|
| 001 | BR2011004812 | ||
| 003 | BR-BrBNA | ||
| 005 | 20231205115543.0 | ||
| 007 | ta | ||
| 008 | 230509b bl.|||p| |||| 00| 00por d | ||
| 040 |
_aBR-BrBNA _bpor _cBiblioteca Nacional de Agricultura |
||
| 041 | _a(En) | ||
| 072 | _aF04 | ||
| 100 | 1 | _aGuimarães, A.P. | |
| 100 | 1 | _aMorais, R.F. de | |
| 100 | 1 | _aUrquiaga, S. | |
| 100 | 1 | _aBoddey, R.M. | |
| 100 | 1 | _aAlves, B.J.R. | |
| 245 | 1 | _aBradyrhizobium strain and the 15N natural abundance quantification of biological N2 fixation in soybean | |
| 246 | 1 | _aBradyrhizobium strain and the 15N natural abundance quantification of biological N2 fixation in soybean | |
| 650 | _aSOJA | ||
| 650 | _aGLYCINE MAX | ||
| 650 | _aNITROGÊNIO | ||
| 650 | _aBRADYRHIZOBIUM JAPONICUM | ||
| 773 | 0 |
_tScientia Agricola (Brazil) _xISSN 0103-9016 _g(Sep-Oct 2008), v. 65(5) p. 516-524 _wBR2011004812 |
|
| 909 |
_a202311 _bLúcia _c55 _dLúcia Elande |
||
| 942 |
_2AGRIS _n0 _cANA |
||
| 999 |
_c214415 _d214415 |
||